The plant community as a working mechanism / (Record no. 1931)
[ view plain ]
| 000 -LEADER | |
|---|---|
| fixed length control field | 01657nam a2200301 4500 |
| 001 - CONTROL NUMBER | |
| control field | 3758898 |
| 005 - DATE AND TIME OF LATEST TRANSACTION | |
| control field | 20150130144003.0 |
| 008 - FIXED-LENGTH DATA ELEMENTS--GENERAL INFORMATION | |
| fixed length control field | 000 |
| 010 ## - LIBRARY OF CONGRESS CONTROL NUMBER | |
| LC control number | 82171410 |
| 020 ## - INTERNATIONAL STANDARD BOOK NUMBER | |
| International Standard Book Number | 0632008393 (pbk.) |
| 040 ## - CATALOGING SOURCE | |
| Original cataloging agency | UOEL |
| Transcribing agency | DLC |
| Modifying agency | DLC |
| -- | WaU |
| 050 00 - LIBRARY OF CONGRESS CALL NUMBER | |
| Classification number | QK911 |
| Item number | .P5 1982 |
| 082 00 - DEWEY DECIMAL CLASSIFICATION NUMBER | |
| Classification number | 581.5/247 |
| Edition number | 19 |
| 245 04 - TITLE STATEMENT | |
| Title | The plant community as a working mechanism / |
| Statement of responsibility, etc | edited by E.I. Newman. |
| 260 ## - PUBLICATION, DISTRIBUTION, ETC. (IMPRINT) | |
| Place of publication, distribution, etc | Oxford ; |
| -- | Boston : |
| Name of publisher, distributor, etc | Blackwell Scientific Publications ; |
| Place of publication, distribution, etc | St. Louis, Mo. : |
| Name of publisher, distributor, etc | Distributed by Blackwell Mosby Book Distributors, |
| Date of publication, distribution, etc | 1982. |
| 300 ## - PHYSICAL DESCRIPTION | |
| Extent | 128 p. : |
| Other physical details | ill. ; |
| Dimensions | 25 cm. |
| 490 1# - SERIES STATEMENT | |
| Series statement | Special publication number 1 of the British Ecological Society, |
| International Standard Serial Number | 0262-7027 |
| 500 ## - GENERAL NOTE | |
| General note | Produced as a tribute to A.S. Watt. |
| 504 ## - BIBLIOGRAPHY, ETC. NOTE | |
| Bibliography, etc | Includes bibliographical references. |
| 505 0# - FORMATTED CONTENTS NOTE | |
| Formatted contents note | A.S. Watt, F.R.S. / P. Greig-Smith -- After description / J.L. Harper -- The development of resilience in burned vegetation / D. Walker -- On pattern and process in forests / T.C. Whitmore -- Niche separation and species diversity in terrestrial vegetation / E.I. Newman -- The control of relative abundance in communities of herbaceous plants / P.J. Grubb, D. Kelly, J. Mitchley -- The effect of fungal pathogens on plant communities / J.J. Burdon -- Antagonisms in the regeneration of Eucalyptus regnans in the mature forest / D.H. Ashton & E.J. Willis. |
| 600 10 - SUBJECT ADDED ENTRY--PERSONAL NAME | |
| Personal name | Watt, A. S. |
| Fuller form of name | (Alexander Stuart) |
| 650 #0 - SUBJECT ADDED ENTRY--TOPICAL TERM | |
| Topical term or geographic name as entry element | Plant communities |
| Form subdivision | . |
| General subdivision | Botany |
| 700 1# - ADDED ENTRY--PERSONAL NAME | |
| Personal name | Newman, E. I. |
| Personal name | Watt, A. S. |
| Fuller form of name | (Alexander Stuart) |
| 830 #0 - SERIES ADDED ENTRY--UNIFORM TITLE | |
| Uniform title | Special publication ... of the British Ecological Society ; |
| Volume number/sequential designation | no. 1. |
| 906 ## - LOCAL DATA ELEMENT F, LDF (RLIN) | |
| a | 7 |
| b | cbc |
| c | orignew |
| d | 2 |
| e | ncip |
| f | 19 |
| g | y-gencatlg |
| 942 ## - ADDED ENTRY ELEMENTS (KOHA) | |
| Source of classification or shelving scheme | Library of Congress Classification |
| Item type | Loan - Normal on open shelf |
| Withdrawn status | Lost status | Source of classification or shelving scheme | Damaged status | Not for loan | Home library | Current library | Shelving location | Date acquired | Total Checkouts | Full call number | Barcode | Date last seen | Copy number | Price effective from | Koha item type |
|---|---|---|---|---|---|---|---|---|---|---|---|---|---|---|---|
| Library of Congress Classification | UOE Main Library | UOE Main Library | Open shelf | 30/01/2015 | QK911 .P5 1982 | 10031538 | 27/04/2026 | 10031538 | 30/01/2015 | Loan - Normal on open shelf |
